000 00769cab a2200205 4500
001 WB2619-48
008 090401t1990 xxu||||| |||| 00| 0 eng d
035 _a(Sirsi) u57697
041 _aeng
245 _aKohl tells east Germany to end curbs on property
260 _c1990
350 _a0
490 _aTimes
_v11/5/90 p24
520 _aDr Helmut Kohl, the West German chancellor has insisted that East Germany must open its property market to Westerners before German monetary union can take place. His views are likely to be opposed by East Germany, which is anxious to avoid a massive influx of property speculators .
650 _aGERMAN UNIFICATION
650 _aFEDERAL REPUBLIC OF GERMANY
690 _aOVERSEAS
942 _n0
948 _c04/03/1997
999 _c35209
_d35209